Nové Rochlovy stavební tabulky.5.díl : Podlahy.Opláštění budov.

Salvato in:
Dettagli Bibliografici
Autori principali: Slavíčková, Jolana (Autore), Forster, Zdeněk (Autore), Ehrman, Vlastimil (Autore)
Natura: Libro
Lingua:ceco
Pubblicazione: Praha : INCON-F, 2002
Soggetti:
Tags: Aggiungi Tag
Nessun Tag, puoi essere il primo ad aggiungerne!!

MARC

LEADER 00000nam a22000003a 4500
001 stu78416
005 20150617225643.5
008 030108s2002----xr------------------cze-d
020 |a 80-902397-4-9 
040 |a STU  |b slo 
041 0 |a cze 
044 |a xr 
080 |a 69(083.4) 
100 1 |a Slavíčková, Jolana  |4 aut 
245 1 |a Nové Rochlovy stavební tabulky.5.díl :  |b Podlahy.Opláštění budov. 
260 |a Praha :  |b INCON-F,  |c 2002 
300 |a 552 s 
650 7 |a tabuľky stavebné  |2 stusub 
650 7 |a Rochlové tabuľky  |2 stusub 
700 1 |a Forster, Zdeněk  |4 aut 
700 1 |a Ehrman, Vlastimil  |4 aut 
996 |b 284V027798  |c V*47620/O-20983  |l VVT  |s A  |a 24  |w stu78416_0001 
996 |c V*48221/O-21252  |l VV16  |s P  |a 0  |w stu78416_0002 
996 |b 284AU02822  |c A*4254 U  |l AAKNAR  |s A  |a 24  |w stu78416_0004